01015cam a2200277 a 450000100100000000500170001000800410002702000220006804000350009008200170012510000340014224501180017624600270029426000570032130000210037849000280039950400550042765000240048265000260050665000240053270000360055670000310059270000600062374000240068383000300070700001966520200929170109.0930901s1989 sp b 000 p spa d a842391898X (pbk.) aDO-SdBNPbspacFMUdDLCdBNPHU a861.6bP124s1 aPadrón, Justo Jorge,d1943-10aSólo muere la mano que te escribe /cJusto Jorge Padrón ; prólogo, José García Nieto, Victor Ivanovici.14aLos rostros escuchados aMadrid, (España) :bEditorial Espasa Calpe,c1989. a269 p. ;c18 cm.1 aAustralaLiteraturav98 aIncluye referencias bibliográficas: p. [47] -77. 4aPoesía española 4aLiteratura española 4aHumorismo español1 aGarcía Nieto, Joséepról.1 aIvanovici, Victorepról.12aPadron, Justo Jorge,d1943-tRostros escuchados.f1989.0 aRostros escuchados. 0aAustral ;pLiteraturav98